[Event "FIDE Grand Prix Tashkent"]
[Site "Tashkent UZB"]
[Date "2012.11.30"]
[EventDate "2012.11.22"]
[Round "8"]
[Result "1/2-1/2"]
[White "Alexander Morozevich"]
[Black "Wang Hao"]
[WhiteElo "2748"]
[BlackElo "2737"]
[PlyCount "81"]

1. d4 d5 2. c4 c6 3. cxd5 cxd5 4. Nc3 Nf6 5. Nf3 Nc6 6. Bf4 a6
7. Rc1 Bf5 8. e3 Rc8 9. Be2 e6 10. O-O Bd6 11. Bxd6 Qxd6
12. Nh4 Bg6 13. g3 O-O 14. Nxg6 hxg6 15. Na4 Nd7 16. a3 Ne7
17. b4 a5 18. bxa5 Qxa3 19. Bb5 Nf6 20. Rb1 Nf5 21. Rb3 Qe7
22. Bd3 Nd6 23. Qe1 Rc7 24. Qb4 Nd7 25. Bb5 Nf6 26. Rfb1 Rfc8
27. Kg2 Rc1 28. Bd3 Rxb1 29. Rxb1 Rc7 30. Qa3 Nd7 31. Rb3 Qf8
32. Rc3 Rxc3 33. Qxc3 Qd8 34. h4 Qb8 35. Kf1 Kf8 36. Qb4 Qc7
37. Nc5 Ke7 38. e4 b6 39. axb6 Qxb6 40. Qxb6 Nxb6 41. e5
1/2-1/2

[Event "FIDE Grand Prix Tashkent"]
[Site "Tashkent UZB"]
[Date "2012.12.02"]
[EventDate "2012.11.22"]
[Round "9.6"]
[Result "1-0"]
[White "Wang Hao"]
[Black "Fabiano Caruana"]
[WhiteElo "2737"]
[BlackElo "2786"]
[PlyCount "85"]

1. d4 d5 2. c4 c6 3. Nc3 Nf6 4. cxd5 cxd5 5. Bf4 Nc6 6. e3 a6
7. Bd3 Bg4 8. Nge2 e6 9. O-O Be7 10. Rc1 Bh5 11. Qb3 Na5
12. Qa4+ Nc6 13. Bg3 Bg6 14. Nf4 Bxd3 15. Nxd3 Nd7 16. Qd1 O-O
17. Na4 Rc8 18. Ndc5 Nxc5 19. dxc5 Na7 20. b4 Rc6 21. h3 a5
22. b5 Nxb5 23. Qb3 Nc7 24. Qxb7 Qa8 25. Rb1 Rc8 26. Qxa8 Nxa8
27. Rb7 Bf8 28. Rfb1 f6 29. Ra7 e5 30. f4 d4 31. fxe5 dxe3
32. exf6 gxf6 33. Kf1 Re8 34. Ke2 Rcc8 35. Rbb7 f5 36. Rxa5
Rcd8 37. Be1 Bh6 38. Nb2 Rb8 39. Raa7 Rxb7 40. Rxb7 Rc8
41. Nd3 Nc7 42. Rb6 Bg5 43. Rc6 1-0

[Event "FIDE Grand Prix Tashkent"]
[Site "Tashkent UZB"]
[Date "2012.12.03"]
[EventDate "2012.11.22"]
[Round "10"]
[Result "1/2-1/2"]
[White "Boris Gelfand"]
[Black "Wang Hao"]
[WhiteElo "2751"]
[BlackElo "2737"]
[PlyCount "83"]

1. d4 Nf6 2. c4 e6 3. Nf3 d5 4. g3 dxc4 5. Bg2 a6 6. O-O Nc6
7. e3 Bd7 8. Qe2 Bd6 9. Qxc4 O-O 10. Rd1 Rb8 11. Nbd2 e5
12. dxe5 Bxe5 13. Qe2 Qe7 14. Nc4 Rfd8 15. Bd2 Bd4 16. Rac1
Bf5 17. Qe1 Bc5 18. a3 b5 19. Na5 Nxa5 20. Bxa5 Be4 21. Qc3
Rxd1+ 22. Rxd1 Re8 23. Ng5 Bxg2 24. Kxg2 h6 25. Nf3 Ne4
26. Qc2 Bd6 27. Nd4 c5 28. Nf5 Qf6 29. Nxd6 Nxd6 30. Qxc5
Qxf2+ 31. Kxf2 Ne4+ 32. Kf3 Nxc5 33. Rd6 Re5 34. Bb4 Rf5+
35. Kg4 g6 36. Bxc5 Rxc5 37. Rxa6 Rc2 38. b4 Rxh2 39. Ra5 Ra2
40. Kf3 h5 41. Rxb5 Rxa3 42. Ke4 1/2-1/2

[Event "FIDE Grand Prix Tashkent"]
[Site "Tashkent UZB"]
[Date "2012.12.04"]
[EventDate "2012.11.22"]
[Round "11"]
[Result "1-0"]
[White "Wang Hao"]
[Black "Shakhriyar Mamedyarov"]
[WhiteElo "2737"]
[BlackElo "2764"]
[PlyCount "93"]

1. d4 d5 2. c4 c6 3. Nf3 Nf6 4. e3 Bf5 5. Nc3 e6 6. Nh4 Be4
7. f3 Bg6 8. Qb3 Qc7 9. Bd2 Be7 10. Nxg6 hxg6 11. O-O-O Nbd7
12. cxd5 cxd5 13. Kb1 Qb6 14. Qa4 a6 15. g4 Qc6 16. Qxc6 bxc6
17. Na4 e5 18. Be2 g5 19. Rc1 Rh6 20. Rxc6 Ne4 21. Rxh6 Nxd2+
22. Kc2 gxh6 23. Kxd2 exd4 24. exd4 Bd6 25. h4 Ke7 26. hxg5
Bf4+ 27. Kc2 Bxg5 28. b4 a5 29. Bb5 Nf8 30. Nb6 Rb8 31. bxa5
Ne6 32. Kd3 Kd6 33. a4 Nf4+ 34. Kc3 Ne6 35. Kd3 Nf4+ 36. Kc3
Ne6 37. Re1 Bf6 38. Rxe6+ fxe6 39. a6 Rh8 40. a7 Kc7 41. a8=Q
Rxa8 42. Nxa8+ Kb7 43. Bd7 e5 44. dxe5 Bxe5+ 45. Kd3 d4 46. a5
Kxa8 47. a6 1-0

[Event "SportAccord World Mind Games (Men's Rapid)"]
[Site "Beijing CHN"]
[Date "2012.12.14"]
[EventDate "2012.12.14"]
[Round "1.7"]
[Result "1/2-1/2"]
[White "Teimour Radjabov"]
[Black "Wang Hao"]
[WhiteElo "2793"]
[BlackElo "2737"]
[PlyCount "123"]

1. d4 Nf6 2. c4 e6 3. Nc3 Bb4 4. Qc2 d5 5. cxd5 Qxd5 6. Nf3
Qf5 7. Qb3 Nc6 8. a3 Bxc3+ 9. Qxc3 O-O 10. e3 e5 11. dxe5 Ne4
12. Qc2 Nxe5 13. Nd4 Qg6 14. f3 Nd6 15. Qxg6 hxg6 16. e4 c5
17. Bf4 f6 18. Nb3 b6 19. Bxe5 fxe5 20. O-O-O Rd8 21. Bc4+ Kf8
22. Bd5 Bb7 23. Nd2 Ke7 24. h4 Kf6 25. Bxb7 Nxb7 26. Nc4 Rd4
27. Ne3 Rh8 28. Nd5+ Kf7 29. Kc2 Nd6 30. g3 Ke6 31. Rde1 Rf8
32. Rhf1 b5 33. Nc7+ Kd7 34. Nd5 c4 35. Nc3 a5 36. Nd5 Rd3
37. Re3 Nxe4 38. Nb6+ Kc6 39. Rxe4 Kxb6 40. Rxe5 Rf6 41. g4
Rfd6 42. Rfe1 Rxf3 43. Re6 Kc6 44. R1e4 Rf6 45. Rxf6 Rxf6
46. Re5 Kb6 47. Rg5 b4 48. axb4 axb4 49. h5 Kc6 50. Kc1 b3
51. Kd2 gxh5 52. gxh5 Rf2+ 53. Kc3 Rc2+ 54. Kb4 Rxb2 55. Kxc4
Rh2 56. Rg6+ Kd7 57. Rxg7+ Ke6 58. Rg6+ Kf5 59. Rb6 Rxh5
60. Rb5+ Kg4 61. Rxh5 Kxh5 62. Kxb3 1/2-1/2

[Event "SportAccord World Mind Games (Men's Rapid)"]
[Site "Beijing CHN"]
[Date "2012.12.14"]
[EventDate "2012.12.14"]
[Round "2.6"]
[Result "1/2-1/2"]
[White "Wang Hao"]
[Black "Sergey Karjakin"]
[WhiteElo "2737"]
[BlackElo "2775"]
[PlyCount "69"]

1. d4 d5 2. c4 dxc4 3. Nf3 Nf6 4. e3 e6 5. Bxc4 a6 6. O-O c5
7. Bb3 cxd4 8. exd4 Nc6 9. Nc3 Be7 10. Re1 O-O 11. a3 b5
12. d5 exd5 13. Nxd5 Nxd5 14. Bxd5 Bb7 15. Bf4 Bf6 16. Rc1 Rc8
17. b4 Ba8 18. Qb3 Nd4 19. Rxc8 Nxf3+ 20. Qxf3 Qxc8 21. g3
Bxd5 22. Qxd5 Rd8 23. Qe4 h5 24. h4 Qc3 25. Bg5 Bxg5 26. hxg5
Qxa3 27. g6 fxg6 28. Qxg6 Qf3 29. Qxa6 Rd5 30. Qg6 Rd1
31. Rxd1 Qxd1+ 32. Kg2 Qd5+ 33. Kg1 Qd1+ 34. Kg2 Qd5+ 35. Kg1
1/2-1/2

[Event "SportAccord World Mind Games (Men's Rapid)"]
[Site "Beijing CHN"]
[Date "2012.12.14"]
[EventDate "2012.12.14"]
[Round "3.6"]
[Result "1/2-1/2"]
[White "Peter Leko"]
[Black "Wang Hao"]
[WhiteElo "2732"]
[BlackElo "2737"]
[PlyCount "90"]

1. e4 e6 2. d4 d5 3. Nc3 Nf6 4. Bg5 dxe4 5. Nxe4 Nbd7 6. Nf3
h6 7. Nxf6+ Nxf6 8. Bh4 c5 9. Bd3 cxd4 10. Nxd4 Be7 11. O-O
O-O 12. c3 e5 13. Nf5 Bxf5 14. Bxf5 g6 15. Bc2 Nh5 16. Qxd8
Bxd8 17. Bg3 Nxg3 18. hxg3 Bc7 19. Rfd1 Rad8 20. g4 Rxd1+
21. Rxd1 Rd8 22. Rxd8+ Bxd8 23. Kf1 Kf8 24. Be4 b6 25. Ke2 Ke7
26. Bd3 Kd6 27. Bc4 f5 28. Bf7 fxg4 29. Bxg6 g3 30. fxg3 Bg5
31. Kd3 Bc1 32. b4 a5 33. Kc4 Bd2 34. Be4 Be1 35. g4 Bd2
36. a3 Bc1 37. Kb3 Bd2 38. c4 axb4 39. axb4 Be3 40. Ka4 Bf2
41. Kb5 Be3 42. Ka4 Bd2 43. Kb3 Be1 44. Ka4 Bd2 45. Kb5 Be3
1/2-1/2

[Event "SportAccord World Mind Games (Men's Rapid)"]
[Site "Beijing CHN"]
[Date "2012.12.14"]
[EventDate "2012.12.14"]
[Round "4.4"]
[Result "0-1"]
[White "Wang Hao"]
[Black "Alexander Grischuk"]
[WhiteElo "2737"]
[BlackElo "2764"]
[PlyCount "68"]

1. d4 Nf6 2. c4 g6 3. Nc3 d5 4. Nf3 Bg7 5. Qa4+ Bd7 6. Qb3
dxc4 7. Qxc4 O-O 8. Bf4 b5 9. Nxb5 c5 10. e3 cxd4 11. exd4 Nc6
12. Be2 Na5 13. Qd3 Nd5 14. Bg3 Rb8 15. a4 a6 16. Nc3 Bf5
17. Qd1 Rxb2 18. Nxd5 Qxd5 19. O-O Nb3 20. Ra3 Nxd4 21. Nxd4
Bxd4 22. Bxa6 Be4 23. Re1 Bxg2 24. Bc4 Qxc4 25. Kxg2 Qc5
26. Rf3 e5 27. Qd3 f5 28. Qa6 Rb6 29. Qe2 f4 30. Bh4 g5
31. Bxg5 Rg6 32. h4 h6 33. Qe4 Rg7 34. Rg1 hxg5 0-1

[Event "SportAccord World Mind Games (Men's Rapid)"]
[Site "Beijing CHN"]
[Date "2012.12.15"]
[EventDate "2012.12.6"]
[Round "5.7"]
[Result "1/2-1/2"]
[White "Vassily Ivanchuk"]
[Black "Wang Hao"]
[WhiteElo "2766"]
[BlackElo "2737"]
[PlyCount "157"]

1. c4 e5 2. g3 c6 3. d4 Bb4+ 4. Nc3 Qa5 5. dxe5 Bxc3+ 6. bxc3
Qxc3+ 7. Bd2 Qxe5 8. Nf3 Qe7 9. Bf4 Qb4+ 10. Nd2 Nf6 11. Qb3
Qe7 12. Bg2 O-O 13. O-O Na6 14. Rad1 d5 15. cxd5 Nxd5 16. Bxd5
cxd5 17. Qxd5 Be6 18. Qa5 Rfc8 19. Nf3 Qc5 20. Qxc5 Nxc5
21. a3 Bc4 22. Rfe1 b5 23. Be3 Ne4 24. Rc1 a5 25. Nd2 Nxd2
26. Bxd2 b4 27. axb4 a4 28. b5 Bxb5 29. Rxc8+ Rxc8 30. Bb4 h6
31. e4 Rc4 32. Bd6 Rd4 33. Bc5 Rc4 34. Bd6 Bc6 35. f3 Rc3
36. Kf2 a3 37. Re2 Rb3 38. Be5 Bd7 39. Re3 Rb5 40. Ba1 a2
41. Ra3 Be6 42. g4 Rb1 43. Bd4 Kf8 44. Ra8+ Ke7 45. Bxg7 Kd7
46. h4 Kc6 47. h5 Bc4 48. Kg2 Bf1+ 49. Kh2 Be2 50. Ra3 Kd7
51. Kg2 Bf1+ 52. Kg3 Bc4 53. Ra4 Bb3 54. Ra7+ Ke6 55. Ra6+ Kd7
56. Kf4 Rf1 57. Ra3 Bc4 58. Bd4 Ke6 59. Ra4 Be2 60. Ke3 Bxf3
61. Ra6+ Ke7 62. g5 Bxh5 63. gxh6 Bg6 64. Rxg6 a1=Q 65. Bxa1
Rxa1 66. Rb6 Rh1 67. e5 Rh4 68. Kf3 Rh1 69. Kg3 Rh5 70. Kg4
Rh1 71. Ra6 Rh2 72. Kg5 Rg2+ 73. Kf5 Rf2+ 74. Ke4 Re2+ 75. Kd4
Rd2+ 76. Ke3 Rh2 77. Rd6 Rh4 78. Kf3 Rh1 79. Ke4 1/2-1/2

[Event "SportAccord World Mind Games (Men's Rapid)"]
[Site "Beijing CHN"]
[Date "2012.12.15"]
[EventDate "2012.12.6"]
[Round "6.7"]
[Result "1-0"]
[White "Wang Hao"]
[Black "Viktor Antonovich Bologan"]
[WhiteElo "2737"]
[BlackElo "2681"]
[PlyCount "81"]

1. d4 Nf6 2. c4 e6 3. Nc3 Bb4 4. e3 O-O 5. Bd3 d5 6. Nf3 c5
7. O-O cxd4 8. exd4 dxc4 9. Bxc4 b6 10. Bg5 Bb7 11. Re1 Nbd7
12. Rc1 h6 13. Bh4 Rc8 14. Bd3 Re8 15. Qe2 Bxc3 16. bxc3 Qc7
17. Bg3 Qc6 18. Bb5 Qd5 19. c4 Qh5 20. Ne5 Qxe2 21. Rxe2 Red8
22. Nxd7 Nxd7 23. Rec2 Nf6 24. c5 Be4 25. Rc3 Rxd4 26. f3 Bf5
27. c6 Nd5 28. Ra3 Nc7 29. Bf1 a5 30. Rb3 Rb4 31. Rxb4 axb4
32. Bd6 f6 33. g4 Bg6 34. Bxb4 e5 35. Bd6 Ne8 36. Ba6 Ra8
37. Bb7 Rxa2 38. c7 Nxd6 39. Bd5+ Bf7 40. Bxa2 Bxa2 41. Rd1
1-0

[Event "SportAccord World Mind Games (Men's Rapid)"]
[Site "Beijing CHN"]
[Date "2012.12.15"]
[EventDate "2012.12.6"]
[Round "7.5"]
[Result "1/2-1/2"]
[White "Anish Giri"]
[Black "Wang Hao"]
[WhiteElo "2720"]
[BlackElo "2737"]
[PlyCount "73"]

1. e4 c5 2. Nf3 d6 3. c3 Nf6 4. Be2 Bd7 5. Qc2 Qc7 6. O-O g6
7. d4 cxd4 8. Nxd4 Nc6 9. Be3 Nxd4 10. Bxd4 e5 11. Be3 d5
12. Nd2 Bg7 13. Rac1 O-O 14. Bf3 Be6 15. Rfd1 Rac8 16. Bg5
dxe4 17. Nxe4 Nxe4 18. Bxe4 h6 19. Be3 b6 20. Bd5 Bxd5
21. Rxd5 Rfd8 22. Rcd1 Rxd5 23. Rxd5 Rd8 24. Qd3 Rxd5 25. Qxd5
Bf8 26. Qa8 Qd7 27. h4 g5 28. hxg5 hxg5 29. Qe4 g4 30. f3 gxf3
31. gxf3 Bg7 32. a4 f5 33. Qc4+ Kh7 34. Qh4+ Kg8 35. Qc4+ Kh7
36. Qh4+ Kg8 37. Qc4+ 1/2-1/2

[Event "SportAccord World Mind Games (Men's Blindfold)"]
[Site "Beijing CHN"]
[Date "2012.12.18"]
[EventDate "2012.12.18"]
[Round "1.7"]
[Result "1/2-1/2"]
[White "Wang Hao"]
[Black "Teimour Radjabov"]
[WhiteElo "2737"]
[BlackElo "2793"]
[PlyCount "87"]

1. d4 Nf6 2. c4 g6 3. g3 Bg7 4. Bg2 c5 5. Nf3 cxd4 6. Nxd4 O-O
7. Nc3 Qc7 8. Nd5 Nxd5 9. cxd5 Qb6 10. e3 d6 11. O-O Na6
12. a4 Bd7 13. a5 Qc7 14. Bd2 Rac8 15. b4 Qb8 16. b5 Nc7
17. Qe2 e6 18. dxe6 Nxe6 19. Nxe6 Bxe6 20. Rac1 d5 21. Bb4
Rfd8 22. Qd3 d4 23. e4 Rxc1 24. Rxc1 Rc8 25. Rxc8+ Qxc8
26. Bf1 h5 27. f4 Qc1 28. Kf2 Qa1 29. a6 bxa6 30. bxa6 Bf8
31. Bxf8 Kxf8 32. Qd2 Bc8 33. f5 Bxa6 34. Qb4+ Kg7 35. Bxa6
Qxa6 36. Qxd4+ Kh7 37. fxg6+ Kxg6 38. Qd5 Qe6 39. Qd3 a5
40. Qb5 Qa2+ 41. Kf3 Qa3+ 42. Kf2 Qa2+ 43. Kf3 Qa3+ 44. Kf2
1/2-1/2

[Event "SportAccord World Mind Games (Men's Blindfold)"]
[Site "Beijing CHN"]
[Date "2012.12.18"]
[EventDate "2012.12.18"]
[Round "3.2"]
[Result "0-1"]
[White "Wang Hao"]
[Black "Shakhriyar Mamedyarov"]
[WhiteElo "2737"]
[BlackElo "2764"]
[PlyCount "134"]

1. d4 d5 2. c4 c6 3. Nf3 Nf6 4. e3 Bf5 5. Nc3 e6 6. Nh4 Bg6
7. Nxg6 hxg6 8. Bd3 Nbd7 9. O-O g5 10. cxd5 Nxd5 11. Nxd5 Bd6
12. g3 exd5 13. e4 dxe4 14. Bxe4 Kf8 15. Bg2 g6 16. b4 Nb6
17. Qb3 Be7 18. b5 Nd5 19. Re1 Kg7 20. bxc6 bxc6 21. Qb7 Qa5
22. Be3 Bf6 23. Qxc6 Nxe3 24. fxe3 Rac8 25. Qf3 Rc3 26. Rf1
Qb6 27. Kh1 Re8 28. Rae1 Re7 29. Qf2 Qd6 30. g4 a5 31. Re2 a4
32. Qe1 Qa3 33. Qf2 Qd6 34. h3 a3 35. Qe1 Rec7 36. Ref2 Qg3
37. Qb1 Rxe3 38. Qb4 Rd7 39. Qb5 Rd6 40. Qb8 Rde6 41. Qxg3
Rxg3 42. d5 Rb6 43. Rc2 Be5 44. Kg1 Rb2 45. Rxb2 axb2 46. Kf2
Rc3 47. Be4 Rxh3 48. Rd1 Bd6 49. Rb1 Bc5+ 50. Kg2 Re3 51. Bf3
Ba3 52. Kf2 Rc3 53. Be4 Rc4 54. Ke3 Bc5+ 55. Kf3 f5 56. gxf5
gxf5 57. Bd3 Rf4+ 58. Kg3 Ba3 59. Re1 Bd6 60. Kg2 Rg4+ 61. Kh1
Rh4+ 62. Kg2 f4 63. Re6 f3+ 64. Kf2 Bc5+ 65. Kg3 f2 66. Rg6+
Kf7 67. Rxg5 f1=Q 0-1

[Event "SportAccord World Mind Games (Men's Blindfold)"]
[Site "Beijing CHN"]
[Date "2012.12.18"]
[EventDate "2012.12.18"]
[Round "4.5"]
[Result "1-0"]
[White "Wang Hao"]
[Black "Alexander Morozevich"]
[WhiteElo "2737"]
[BlackElo "2748"]
[PlyCount "145"]

1. e4 c5 2. Nf3 e6 3. g3 Nc6 4. Bg2 Nf6 5. Qe2 d6 6. O-O Be7
7. c3 O-O 8. d4 cxd4 9. cxd4 d5 10. e5 Ne4 11. Rd1 Bd7 12. Ne1
Rc8 13. Be3 f6 14. Nd3 fxe5 15. dxe5 b6 16. Nc3 Nxc3 17. bxc3
Qe8 18. Nf4 Kh8 19. Bxd5 exd5 20. e6 Bxe6 21. Nxe6 Rf5 22. Qg4
g6 23. Nd4 Ne5 24. Qe2 Rf7 25. Re1 Bf6 26. Bg5 Bxg5 27. Qxe5+
Qxe5 28. Rxe5 Bf6 29. Rxd5 Rxc3 30. Rd1 Re7 31. Rd2 Kg7
32. Kg2 Kf7 33. Nb5 Rc5 34. Rxc5 bxc5 35. Rc2 Rd7 36. Rxc5 Bd8
37. Rc2 Bb6 38. h4 Kf6 39. Nc3 Kf5 40. Re2 Rd4 41. f3 Rd3
42. Ne4 h5 43. Rc2 Ra3 44. Nd6+ Ke6 45. Nc4 Ra4 46. Re2+ Kf6
47. Nd6 Rd4 48. Ne4+ Kf5 49. Ng5 Rd1 50. Nf7 Rd7 51. Ng5 Rd1
52. Ne4 Rd4 53. Rc2 Rd1 54. Rc6 Rg1+ 55. Kh2 Rf1 56. Nd6+ Ke6
57. Nc4+ Kf7 58. Ne5+ Ke8 59. Rc8+ Ke7 60. Nxg6+ Kf6 61. Nf4
Rxf3 62. Nxh5+ Kg6 63. Nf4+ Kf5 64. Kh3 Ra3 65. Rc2 Bd4 66. h5
Be5 67. Rc5 Ke4 68. Kg4 Rxa2 69. h6 Bxf4 70. Rc4+ Ke5 71. Rxf4
Ke6 72. Kg5 Ke7 73. h7 1-0

[Event "SportAccord World Mind Games (Men's Blindfold)"]
[Site "Beijing CHN"]
[Date "2012.12.19"]
[EventDate "2012.12.18"]
[Round "5.4"]
[Result "1/2-1/2"]
[White "Gata Kamsky"]
[Black "Wang Hao"]
[WhiteElo "2762"]
[BlackElo "2737"]
[PlyCount "141"]

1. d4 Nf6 2. Nf3 g6 3. Bf4 Bg7 4. e3 O-O 5. h3 d6 6. c3 b6
7. Be2 Bb7 8. O-O Nbd7 9. Bh2 e6 10. a4 a5 11. Na3 Ne4 12. Nd2
Nxd2 13. Qxd2 e5 14. Rfd1 Qg5 15. Bf1 Nf6 16. Nb5 Ne4 17. Qe1
Qe7 18. f3 Ng5 19. h4 Ne6 20. e4 Kh8 21. Rd2 f6 22. Rad1 Bh6
23. Rc2 g5 24. Bc4 Rac8 25. Qd2 Nf4 26. g3 Nh5 27. g4 Nf4
28. Bxf4 gxf4 29. Qf2 Bg7 30. h5 Bh6 31. Re2 Bg5 32. Kf1 Rfd8
33. d5 Ra8 34. Qg1 Rg8 35. Ke1 Bc8 36. Qh1 Bh6 37. Rd3 Rg7
38. Kd1 Qd8 39. Kc2 Bd7 40. Kb1 Qc8 41. Ka2 Qb7 42. Qd1 Rag8
43. Na3 Qc8 44. Bb5 Bxg4 45. fxg4 Qxg4 46. Rf2 f5 47. Qe1 Qxh5
48. Rdf3 Rg1 49. Qe2 fxe4 50. Qxe4 Qg6 51. Qe2 e4 52. Rxf4
Bxf4 53. Rxf4 Rg4 54. Rf2 Rg2 55. Nc4 Rxf2 56. Qxf2 h5 57. Bd7
Kg7 58. Bf5 Rf8 59. Qd4+ Qf6 60. Qg1+ Kf7 61. Ne3 Ke7 62. Qh1
h4 63. Qxe4+ Kd8 64. Be6 Qf4 65. Qh7 Qxa4+ 66. Kb1 Rf1+
67. Nxf1 Qd1+ 68. Ka2 Qa4+ 69. Kb1 Qd1+ 70. Ka2 Qa4+ 71. Kb1
1/2-1/2

[Event "SportAccord World Mind Games (Men's Blindfold)"]
[Site "Beijing CHN"]
[Date "2012.12.19"]
[EventDate "2012.12.18"]
[Round "6.1"]
[Result "0-1"]
[White "Wang Hao"]
[Black "Levon Aronian"]
[WhiteElo "2737"]
[BlackElo "2815"]
[PlyCount "48"]

1. d4 Nf6 2. c4 g6 3. Nc3 d5 4. Nf3 Bg7 5. Qa4+ Bd7 6. Qb3
dxc4 7. Qxc4 O-O 8. Bf4 Bc6 9. e3 Bxf3 10. gxf3 c6 11. Be2
Nbd7 12. Bg3 c5 13. dxc5 Rc8 14. b4 Nxc5 15. bxc5 Qa5 16. O-O
Rxc5 17. Qb3 Rxc3 18. Qxb7 Nh5 19. Rac1 Rxc1 20. Rxc1 Qd2
21. Rc7 Qxe2 22. Rxe7 Nxg3 23. hxg3 a5 24. Qd5 Bc3 0-1

[Event "SportAccord World Mind Games (Men's Blindfold)"]
[Site "Beijing CHN"]
[Date "2012.12.19"]
[EventDate "2012.12.18"]
[Round "7.5"]
[Result "1/2-1/2"]
[White "Vassily Ivanchuk"]
[Black "Wang Hao"]
[WhiteElo "2766"]
[BlackElo "2737"]
[PlyCount "44"]

1. Nf3 Nf6 2. c4 g6 3. Nc3 d5 4. Qa4+ Bd7 5. Qb3 dxc4 6. Qxc4
a6 7. d4 b5 8. Qb3 c5 9. dxc5 Bg7 10. e4 O-O 11. Be2 Be6
12. Qc2 Nbd7 13. Be3 Rc8 14. Rd1 b4 15. Nd5 Bxd5 16. exd5 Nxc5
17. O-O a5 18. h3 Nce4 19. Qb3 Qd6 20. Bb5 Nc5 21. Qc4 Na4
22. Qb3 Nc5 1/2-1/2

[Event "Tata Steel Group A"]
[Site "Wijk aan Zee NED"]
[Date "2013.01.12"]
[EventDate "2013.01.12"]
[Round "1"]
[Result "1/2-1/2"]
[White "Ivan Sokolov"]
[Black "Wang Hao"]
[WhiteElo "2663"]
[BlackElo "2752"]
[PlyCount "81"]

1. d4 Nf6 2. c4 e6 3. Nc3 Bb4 4. e3 O-O 5. Bd3 d5 6. Nf3 b6
7. a3 Bd6 8. e4 dxe4 9. Nxe4 Nbd7 10. O-O Bb7 11. Nxd6 cxd6
12. Bf4 e5 13. dxe5 Bxf3 14. Qxf3 Nxe5 15. Qd1 Nxd3 16. Qxd3
d5 17. Rfd1 dxc4 18. Qxc4 Qc8 19. Rac1 Qxc4 20. Rxc4 Rfd8
21. Rxd8+ Rxd8 22. f3 Nd5 23. Bd2 f6 24. Kf2 Kf7 25. g4 Rd7
26. a4 g5 27. Ke2 h6 28. b4 Ne7 29. b5 f5 30. f4 fxg4 31. fxg5
h5 32. Rf4+ Kg7 33. Rf6 Ng6 34. a5 bxa5 35. Ra6 Ne5 36. Bc3
Re7 37. Kf2 h4 38. Rh6 a4 39. Ra6 Kf7 40. Rxa4 Kg6 41. Bxe5
1/2-1/2

[Event "Tata Steel Group A"]
[Site "Wijk aan Zee NED"]
[Date "2013.01.13"]
[EventDate "2013.01.12"]
[Round "2"]
[Result "1/2-1/2"]
[White "Wang Hao"]
[Black "Peter Leko"]
[WhiteElo "2752"]
[BlackElo "2735"]
[PlyCount "70"]

1. d4 Nf6 2. c4 e6 3. Nf3 b6 4. g3 Ba6 5. b3 Bb4+ 6. Bd2 Be7
7. Bg2 c6 8. O-O d5 9. Qc2 Nbd7 10. Rd1 O-O 11. a4 c5 12. a5
Rc8 13. axb6 Qxb6 14. Qa2 Bb7 15. Ba5 Qa6 16. dxc5 Nxc5
17. Nbd2 dxc4 18. bxc4 Bd8 19. Ne5 Bxg2 20. Kxg2 Bxa5 21. Qxa5
Qxa5 22. Rxa5 Rc7 23. Ndf3 Nfd7 24. Nd3 h6 25. Nd4 a6 26. Rb1
Nxd3 27. exd3 Nc5 28. Rd1 Rd8 29. Nc2 Nxd3 30. Ne3 Rc6 31. Kf1
Rdd6 32. Ke2 Nb4 33. Rb1 Nd3 34. Rd1 Nb4 35. Rb1 Nd3 1/2-1/2

[Event "Tata Steel Group A"]
[Site "Wijk aan Zee NED"]
[Date "2013.01.17"]
[EventDate "2013.01.12"]
[Round "5"]
[Result "0-1"]
[White "Erwin L'Ami"]
[Black "Wang Hao"]
[WhiteElo "2627"]
[BlackElo "2752"]
[PlyCount "70"]

1. d4 Nf6 2. c4 e6 3. Nf3 Bb4+ 4. Bd2 c5 5. Bxb4 cxb4 6. g3
O-O 7. Bg2 d6 8. O-O a5 9. a3 Na6 10. Nbd2 Qc7 11. Rc1 Rd8
12. Ne1 e5 13. Nd3 Bf5 14. e4 Bg4 15. f3 Bd7 16. axb4 Nxb4
17. Nxb4 axb4 18. Qb3 Qb6 19. c5 dxc5 20. Nc4 Qa7 21. dxe5 Ne8
22. Qe3 b5 23. Nd2 c4 24. Qxa7 Rxa7 25. Rfd1 Be6 26. Nf1 Rxd1
27. Rxd1 c3 28. bxc3 bxc3 29. Ne3 b4 30. Bf1 b3 31. Rd8 g6
32. Rxe8+ Kg7 33. Bd3 Rd7 34. Bb1 Rd1+ 35. Nxd1 c2 0-1

[Event "Tata Steel Group A"]
[Site "Wijk aan Zee NED"]
[Date "2013.01.18"]
[EventDate "2013.01.12"]
[Round "6"]
[Result "1-0"]
[White "Loek van Wely"]
[Black "Wang Hao"]
[WhiteElo "2679"]
[BlackElo "2752"]
[PlyCount "81"]

1. d4 Nf6 2. c4 g6 3. Nf3 Bg7 4. g3 O-O 5. Bg2 d6 6. O-O c6
7. Nc3 Bf5 8. Ne1 Qc8 9. e4 Bh3 10. Nd3 Bxg2 11. Kxg2 e5
12. d5 b5 13. cxb5 cxd5 14. exd5 Qc4 15. Re1 h6 16. a4 Nbd7
17. a5 e4 18. Nf4 g5 19. Ra4 Qc8 20. Nfe2 Nc5 21. Rc4 Qd7
22. Nd4 Rae8 23. h3 Nd3 24. Re2 Ne5 25. Rb4 Nd3 26. Rc4 Ne5
27. Ra4 Nf3 28. Nc6 Qf5 29. b6 axb6 30. axb6 Ne5 31. b7 Qf3+
32. Kg1 Nd3 33. Rc2 Qxd1+ 34. Nxd1 Nxd5 35. Ne3 Nb6 36. Ra5
Ne1 37. Re2 Nd3 38. Bd2 Ne5 39. Nxe5 Rxe5 40. Nf5 Rb8 41. Nxg7
1-0

[Event "Tata Steel Group A"]
[Site "Wijk aan Zee NED"]
[Date "2013.01.20"]
[EventDate "2013.01.12"]
[Round "8"]
[Result "1/2-1/2"]
[White "Anish Giri"]
[Black "Wang Hao"]
[WhiteElo "2720"]
[BlackElo "2752"]
[PlyCount "77"]

1. d4 d5 2. c4 c6 3. Nf3 Nf6 4. e3 g6 5. Nc3 Bg7 6. Bd3 O-O
7. O-O Bg4 8. h3 Bxf3 9. Qxf3 e6 10. b3 Re8 11. Bb2 Nbd7
12. Rfd1 a6 13. Bf1 Rc8 14. g3 Qe7 15. Rac1 h5 16. Rc2 dxc4
17. bxc4 e5 18. c5 exd4 19. exd4 Ne4 20. Nxe4 Qxe4 21. Qxe4
Rxe4 22. Bg2 Re7 23. Bc1 Nf6 24. Rb2 Rce8 25. Be3 Rd7 26. Rdb1
Ree7 27. Bg5 Rxd4 28. Rxb7 Rxb7 29. Rxb7 Rc4 30. Bxf6 Rc1+
31. Kh2 Bxf6 32. Bxc6 Rc2 33. Bd5 Rxf2+ 34. Kh1 Bd4 35. c6
Rf1+ 36. Kg2 Rf2+ 37. Kh1 Rf1+ 38. Kg2 Rf2+ 39. Kh1 1/2-1/2

[Event "Tata Steel Group A"]
[Site "Wijk aan Zee NED"]
[Date "2013.01.22"]
[EventDate "2013.01.12"]
[Round "9"]
[Result "1/2-1/2"]
[White "Wang Hao"]
[Black "Fabiano Caruana"]
[WhiteElo "2752"]
[BlackElo "2781"]
[PlyCount "114"]

1. d4 d5 2. c4 c6 3. Nf3 Nf6 4. e3 Bg4 5. h3 Bh5 6. cxd5 cxd5
7. Nc3 Bxf3 8. Qxf3 e6 9. Bd2 Nc6 10. Bd3 Bd6 11. O-O O-O
12. Rac1 Qe7 13. a3 Rac8 14. Rc2 a6 15. Rfc1 Rcd8 16. Qd1 e5
17. Ne2 e4 18. Bxa6 Na7 19. Ng3 Bxg3 20. fxg3 bxa6 21. Rc7 Rd7
22. Bb4 Rxc7 23. Bxe7 Rxe7 24. Qb3 Rc8 25. Rxc8+ Nxc8 26. Qb8
Re8 27. a4 Kf8 28. g4 Ke7 29. Qb7+ Ke6 30. Qxa6+ Nd6 31. b4
Nd7 32. b5 Rb8 33. Kf2 h6 34. Ke2 Nb6 35. a5 Na4 36. b6 Nc3+
37. Kd2 Ncb5 38. Kc2 Kd7 39. Kb3 Rc8 40. Kb2 g6 41. g3 Rb8
42. Kb3 Re8 43. h4 f6 44. g5 fxg5 45. hxg5 hxg5 46. Kb4 Rc8
47. b7 Rb8 48. Kc5 Ke7 49. Qc6 Nxb7+ 50. Kxb5 Nd8+ 51. Qb6
Rxb6+ 52. Kxb6 Kd6 53. a6 Ne6 54. a7 Nc7 55. g4 Na8+ 56. Kb7
Kd7 57. Kxa8 Kc8 1/2-1/2

[Event "Tata Steel Group A"]
[Site "Wijk aan Zee NED"]
[Date "2013.01.23"]
[EventDate "2013.01.12"]
[Round "10"]
[Result "1-0"]
[White "Levon Aronian"]
[Black "Wang Hao"]
[WhiteElo "2802"]
[BlackElo "2752"]
[PlyCount "75"]

1. c4 e5 2. Nc3 Nf6 3. Nf3 Nc6 4. g3 Nd4 5. Bg2 Nxf3+ 6. Bxf3
Bc5 7. d3 h6 8. O-O O-O 9. Bg2 c6 10. Bd2 Re8 11. Rc1 Bf8
12. e4 d6 13. h3 a6 14. a4 Rb8 15. Kh2 Nd7 16. Be3 a5 17. f4
Nc5 18. Rc2 Be6 19. f5 Bd7 20. Bf3 b5 21. axb5 cxb5 22. Bh5
bxc4 23. dxc4 Be7 24. Bxc5 dxc5 25. Qd5 Rf8 26. Rd1 Be8
27. Qxe5 Bf6 28. Qxc5 Qb6 29. Qxb6 Rxb6 30. c5 Rb4 31. Nd5 Ba4
32. Nxb4 axb4 33. Rc4 Bxd1 34. Bxd1 Rd8 35. Bb3 Rd2+ 36. Kh1
Rxb2 37. Rxb4 Be5 38. Rb7 1-0